Closest Countries to Mexico Quiz Stats

 Plays Quiz Updated Aug 7, 2018

Challenge
Share
Tweet
Embed
Score 0/20 Timer 03:00
97 Plays Today
Distance Country % Correct
194.85 kmCuba
93.9%
1,215.74 kmPanama
92.2%
1,810.91 kmCanada
88%
808.39 kmCosta Rica
86%
298.99 kmHonduras
85.9%
1,305.73 kmHaiti
85.8%
913.13 kmJamaica
84.9%
1,763.08 kmColombia
84.7%
2,722.83 kmDominica
83.8%
241.03 kmEl Salvador
83.1%
Distance Country % Correct
527.71 kmNicaragua
82.4%
1,557.25 kmDominican Republic
79.9%
1,948.64 kmVenezuela
79.5%
700.66 kmBahamas
75.3%
1,557.71 kmEcuador
67.3%
2,536.27 kmSt. Kitts and Nevis
63.9%
2,629.45 kmAntigua and Barbuda
54.4%
2,668.67 kmFrance
53.4%
570.90 kmUnited Kingdom
49%
1,961.16 kmNetherlands
41%

You're not logged in!

Compare scores with friends on all Sporcle quizzes.
Join for Free
OR
Log In

You Might Also Like...

Show Comments

Extras

Top Quizzes Today


Score Distribution

Your Account Isn't Verified!

In order to create a playlist on Sporcle, you need to verify the email address you used during registration. Go to your Sporcle Settings to finish the process.

Report this User

Report this user for behavior that violates our Community Guidelines.

Details: